L'eternità nel gelo dell'alba : poesie /
Guardat en:
| Autor principal: | |
|---|---|
| Altres autors: | |
| Format: | Llibre |
| Idioma: | italià |
| Publicat: |
Roma :
Il Simbolo,
2024
|
| Etiquetes: |
Sense etiquetes, Sigues el primer a etiquetar aquest registre!
|
MARC
| LEADER | 00000nam a22000007i 4500 | ||
|---|---|---|---|
| 001 | IT\ICCU\RMB\0827143 | ||
| 003 | ItRI | ||
| 005 | 20250723190710.0 | ||
| 008 | 250213s2024 it |||||| ||||| |||||c | ||
| 020 | |a 9791281922013 | ||
| 040 | |b ita |c Arcigay Viterbo | ||
| 041 | 7 | |a ita |2 ISO-639-2 | |
| 100 | 1 | |a De' Giorgi, Elsa |0 IT\ICCU\CFIV\090535 |4 aut | |
| 240 | 1 | 2 | |a L'eternità nel gelo dell'alba |9 De' Giorgi, Elsa |
| 245 | 1 | 2 | |a L'eternità nel gelo dell'alba : |b poesie / |c Elsa de' Giorgi ; cura e prefazione di Elio Pecora. |
| 260 | |a Roma : |b Il Simbolo, |c 2024 | ||
| 300 | |a 109 p. ; |c 21 cm | ||
| 700 | 1 | |a Pecora, Elio |0 IT\ICCU\CFIV\037738 |4 edt | |
| 942 | |2 ddc |c BK | ||
| 952 | |0 0 |1 0 |2 ddc |4 0 |6 851_914000000000000_GIO_ETE |7 0 |9 9315 |a VT |b VT |d 2025-07-23 |e Donazione Maurizio Gregorini |i B4 |l 0 |o 851.914 GIO ETE |p B4 |r 2025-07-23 19:08:48 |w 2025-07-23 |y BK |z Donazione Maurizio Gregorini | ||
| 981 | 1 | |6 z01 |a i |b xxxe | |
| 982 | 1 | |6 z01 |a n | |
| 999 | |c 7782 |d 7782 | ||